Sassy Harry Potter Quiz Stats

 Plays Quiz Updated Jul 12, 2018

Challenge
Share
Tweet
Embed
Score 0/20 Timer 10:00
7 Plays Today
% Correct
There's no need to call me Sir, Professor.
93.6%
No, thanks...The toilet's never had anything as horrible as your head down it— it might be sick.
93.2%
Yeah, you can have a word...Good-bye.
92.7%
I don't know...I think Hermione does, though, why don't you try asking her?
91.8%
This is night, Diddykins. That’s what we call it when it goes all dark like this.
91.3%
Interesting theory...Has anyone ever tried sticking a sword into Voldemort? Maybe the Ministry should get some people onto that, instead of wasting their time stripping down Deluminators or covering up breakouts from Azkaban.
89.9%
Well, it changes every day, you see.
89.4%
Yeah...but you, unlike me, are a git, so get out and leave us alone.
89.3%
I think dating opportunities are going to be pretty thin on the ground, to be honest.
88.6%
What, drop my wand?
87.2%
% Correct
And they'd love to have me...We'd be best pals if they didn't keep trying to do me in.
86.7%
Wow, I wonder what it'd be like to have a difficult life?
84.3%
I’d worked that much out for myself, funnily enough.
82.6%
Brilliant. That makes me feel loads better.
82.1%
Fine, I'll stay here...Let me know if you ever defeat Voldemort, won't you?
81.7%
Wow...look at that...he's not here now!
81.7%
And you didn't see that coming?
80.8%
Funny, you’d think I’d have stopped walking around.
80.7%
There's no need to sound so disappointed.
80.4%
Caught on, have you? Took you long enough.
76.7%

You're not logged in!

Compare scores with friends on all Sporcle quizzes.
Join for Free
OR
Log In

You Might Also Like...

Show Comments

Extras

Top Quizzes Today


Score Distribution

Your Account Isn't Verified!

In order to create a playlist on Sporcle, you need to verify the email address you used during registration. Go to your Sporcle Settings to finish the process.

Report this User

Report this user for behavior that violates our Community Guidelines.

Details: